5HLuxD.jpg

KING HENRY VIII SENIOR AND PRIMARY SCHOOL LIBRARY OPAC

Bo- ing / (Record no. 2467)

000 -LEADER
fixed length control field 00595nam a22002177a 4500
005 - DATE AND TIME OF LATEST TRANSACTION
control field 20230602121509.0
008 - FIXED-LENGTH DATA ELEMENTS--GENERAL INFORMATION
fixed length control field 230602b ||||| |||| 00| 0 eng d
020 ## - INTERNATIONAL STANDARD BOOK NUMBER
International Standard Book Number 9788967493585
040 ## - CATALOGING SOURCE
Transcribing agency KH8
082 ## - DEWEY DECIMAL CLASSIFICATION NUMBER
Classification number 800 BRI
100 ## - MAIN ENTRY--PERSONAL NAME
Personal name Brice, Rowena
Relator term Author
245 ## - TITLE STATEMENT
Title Bo- ing /
Statement of responsibility, etc. Rowena Brice
260 ## - PUBLICATION, DISTRIBUTION, ETC.
Place of publication, distribution, etc. South Korea
Name of publisher, distributor, etc. KIZ-M Education Group
Date of publication, distribution, etc. 2015
300 ## - PHYSICAL DESCRIPTION
Extent 26p.
Other physical details col. ill
Dimensions 35cm
521 ## - TARGET AUDIENCE NOTE
Target audience note Children's stories
650 ## - SUBJECT ADDED ENTRY--TOPICAL TERM
Topical term or geographic name entry element Children's stories
650 ## - SUBJECT ADDED ENTRY--TOPICAL TERM
Topical term or geographic name entry element English Fiction
650 ## - SUBJECT ADDED ENTRY--TOPICAL TERM
Topical term or geographic name entry element Fi Flea (character)
700 ## - ADDED ENTRY--PERSONAL NAME
Personal name Kim Minjun
Relator term Illustrator
942 ## - ADDED ENTRY ELEMENTS (KOHA)
Source of classification or shelving scheme
Koha item type Books - Fiction
Holdings
Withdrawn status Lost status Source of classification or shelving scheme Damaged status Not for loan Collection code Permanent Location Current Location Shelving location Date acquired Total Checkouts Total Renewals Full call number Barcode Date last seen Date last checked out Price effective from Koha item type
          Fiction KH8 Primary School Library KH8 Primary School Library Non Fiction 2023-06-02 26 1 800 BRI KHPL000004216 2026-04-15 2026-04-08 2023-06-02 Books - Fiction

Powered By KH8 IT Dept